Fotografía Artística Guerra. Yucatán - México.

Enregistré dans:
Détails bibliographiques
Auteur principal: Rodríguez, José Antonio (coordinador y editor)
Autres auteurs: Tovalín Ahumada, Alberto (coordinador y editor)
Format: Livre
Publié: Ciudad de México, México: Cámara de Diputados, LXIII Legislatura 2017.
Yucatán, México: Fototeca Pedro Guerra,
Édition:Primera edición.
Sujets:
Tags: Ajouter un tag
Pas de tags, Soyez le premier à ajouter un tag!

MARC

LEADER 00000nam a22000007a 4500
003 CL-VaPUC
005 20230421092207.0
008 221222t2017 ||||| |||| 00| 0 eng d
999 |c 439812  |d 439810 
020 |a 978-607-95493-4-3 
040 |c Pontificia Universidad Católica de Valparaíso 
082 0 4 |2 22  |a 770.97265 ROD 2017 
100 1 |a Rodríguez, José Antonio  |e coordinador y editor  |9 879728 
245 1 0 |a Fotografía Artística Guerra.  |b Yucatán - México. 
250 |a Primera edición. 
260 |a Ciudad de México, México:  |b Cámara de Diputados, LXIII Legislatura 
260 |a Yucatán, México:  |b Fototeca Pedro Guerra,  |c 2017. 
300 |a 316 páginas,  |b fotografías.  
500 |a c.BUD. Donación Bib. Budge 
583 |c 20221222  |k Catalogador Asistente 
600 0 |a Guerra Jordán, Pedro  |d 1857-1919  |9 879736 
600 0 |a Guerra Aguilar, Pedro  |d 1883-1959  |9 879737 
650 1 |a Fotografía artística  |9 879730  |z Yucatán (México) 
650 1 |a Fotografía mexicana  |9 879731  |x Retratos 
650 1 0 |a Fotografía documental   |z Yucatán (México)  |9 268698 
651 |a Yucatán (México)  |x Vida social y costumbres  |9 879734 
651 |a Yucatán (México)  |x Obras ilustradas  |9 879735 
700 |a Tovalín Ahumada, Alberto  |e coordinador y editor  |9 879729 
942 |2 ddc  |c BK 
952 |0 0  |1 0  |2 ddc  |4 0  |6 770_972650000000000_ROD_2017  |7 0  |8 X  |9 588447  |a FDOBUD  |b FDOBUD  |c REST  |d 2022-12-22  |e Donación  |i 5656244  |o 770.97265 ROD 2017  |p 5656244  |r 2022-12-22  |w 2022-12-22  |y BK_X  |k BUD